Hodnocení způsobilosti odborníků na jakost
V ČR bol už v r. 1992 vytvorený systém uznávania spôsobilosti certifikačných orgánov podľa kritérií európskych noriem. Tým boli vytvorené podmienky aj pre certifikáciu pracovníkov. Zavedený systém hodnotenia spôsobilosti - manažérov akosti, auditorov akosti, metrológov. Certifikát spôsobilosti dokla...
Gespeichert in:
| 1. Verfasser: | |
|---|---|
| Format: | Buchkapitel |
| Sprache: | Tschechisch |
| Schlagworte: | |
| Tags: |
Keine Tags, Fügen Sie das erste Tag hinzu!
|
MARC
| LEADER | 00000naa a2200000 4500 | ||
|---|---|---|---|
| 001 | r020248 | ||
| 005 | 20221208131001.8 | ||
| 041 | 0 | |a cze | |
| 044 | |a CZ | ||
| 245 | 1 | 0 | |a Hodnocení způsobilosti odborníků na jakost |c V. Bôbiková |
| 520 | |a V ČR bol už v r. 1992 vytvorený systém uznávania spôsobilosti certifikačných orgánov podľa kritérií európskych noriem. Tým boli vytvorené podmienky aj pre certifikáciu pracovníkov. Zavedený systém hodnotenia spôsobilosti - manažérov akosti, auditorov akosti, metrológov. Certifikát spôsobilosti dokladá, že certifikovaná osoba je spôsobilá uplatniť svoje znalosti v oblasti akosti. | ||
| 610 | 2 | 0 | |a kvalita |
| 610 | 2 | 0 | |a pracovníci odborní |
| 610 | 2 | 0 | |a certifikácia |
| 610 | 2 | 0 | |a spôsobilosť k práci |
| 610 | 2 | 0 | |a Česko |
| 100 | 1 | |a Bôbiková, V. | |